| 000 | 00726nam a22002297a 4500 | ||
|---|---|---|---|
| 999 |
_c16529 _d16529 |
||
| 003 | AR-CdUCM | ||
| 008 | 190226b ||||| |||| 00| 0 spa d | ||
| 020 | _aISBN | ||
| 040 |
_aMUNICIPALIDAD PROVINCIAL DEL CUSCO _cBIBLIOTECA MUNICIPAL DEL CUSCO |
||
| 082 |
_a973.04 / _bA47 |
||
| 100 |
_aLewis Allen, Frederick _93968 |
||
| 245 | _aEl gran cambio / | ||
| 260 |
_aArgentina : _bKraft, _c1967.. |
||
| 300 |
_a378 pƔginas ; _c20 cm. |
||
| 505 | _aContenido : El viejo orden -- El ritmo de la transformación -- Los nuevos Estados Unidos ... | ||
| 650 |
_aEl cambio _936024 |
||
| 650 |
_aCapitalismo _93221 |
||
| 650 |
_aSociedad _953 |
||
| 700 |
_aBray, Arturo _936025 |
||
| 942 |
_2ddc _cLIBROS |
||
| 945 |
_arah _d03/05/2019 |
||